000 00681cam a2200229 i 4500
008
020 _a0442251467 (hbk.)
049 _aMAIN
090 _aTK7836
100 1 _aMatisoff, Bernard S.
245 1 0 _aHandbook of electronics manufacturing engineering /
_cBernard S. Matisoff.
260 _aNew York :
_bVan Nostrand Reinhold,
_cc1978.
300 _aix, 394 p. :
_bill. ;
_c24 cm.
500 _aIncludes index.
650 0 _aElectronic industries.
650 0 _aProduction engineering.
907 _a.b10066512
_b11-10-05
_c17-04-03
003
005 20230123134119.0
040 _cNUST
942 _cBOOKS
_kTK7836
999 _c160274
_d160274